header

Killer Web content (Record no. 115624)

MARC details
000 -LEADER
fixed length control field 01146nam a2200301Ia 4500
082 04 - DEWEY DECIMAL CLASSIFICATION NUMBER
Classification number 658.872
100 1# - MAIN ENTRY--AUTHOR NAME
Personal name McGovern, Gerry.
245 10 - TITLE STATEMENT
Title Killer Web content
260 ## - PUBLICATION, DISTRIBUTION, ETC. (IMPRINT)
Place of publication London :
Name of publisher A. & C. Black,
Year of publication 2006.
300 ## - PHYSICAL DESCRIPTION
Number of Pages iv, 220 p. :
Other physical details ill.
500 ## - GENERAL NOTE
General note Includes index.
650 #0 - SUBJECT ADDED ENTRY--TOPICAL TERM
Topical Term Internet marketing.
Topical Term Web site development.
856 40 - ELECTRONIC LOCATION AND ACCESS
Uniform Resource Identifier http://site.ebrary.com/lib/rucke/Doc?id=10196633

No items available.

© 2026 Rongo University
Contact us: librarian | system librarian | Rongo university